Movies Quiz

Random Movies or Actor Quiz
Score 0/5 Timer 04:00
0 Plays Today
Character (Year) Remake % Correct
Staff Sgt. Dignam (2006)The Departed
66.6%
Captain Leo Davidson (2001)Planet of the Apes
59.1%
Charlie Croker (2003)The Italian Job
55.8%
Chris Farraday (2012)Contraband
18.2%
Joshua Peters (2002)The Truth About Charlie
11.4%
Remove Ads.
Support Sporcle.
Get the best of Sporcle when you Go Orange. This ad-free experience offers more features, more stats, and more fun while also helping to support Sporcle. Thank you for becoming a member.

You're not logged in!

Compare scores with friends on all Sporcle quizzes.
OR
Log In

Show Comments

Extras

Top Quizzes Today


Score Distribution

Your Account Isn't Verified!

In order to create a playlist on Sporcle, you need to verify the email address you used during registration. Go to your Sporcle Settings to finish the process.

Report this User

Report this user for behavior that violates our Community Guidelines.

Details: